Az Esterházy örökség szerepe a turizmusban a fertődi és a kismartoni kastély példáján keresztül

Bibliographic Details
Main Author: Solecki Hanna Filoména
Other Authors: Schultz Éva
Format: Final Paper
Kulcsszavak:Turizmus, magyar
Turizmus, osztrák
Esterházy család, történet
Esterházy kastély, Fertőd
Esterházy kastély, Kismarton
Kastélyfejlesztés, terv
Online Access:http://dolgozattar.uni-bge.hu/59383

MARC

LEADER 00000nta a2200000 i 4500
001 dolg59383
005 20260114100607.0
008 260114suuuu hu o 000 hun d
040 |a BGE Dolgozattár Repozitórium  |b hun 
041 |a hu 
100 1 |a Solecki Hanna Filoména 
245 1 3 |a Az Esterházy örökség szerepe a turizmusban a fertődi és a kismartoni kastély példáján keresztül  |c Solecki Hanna Filoména  |h [elektronikus dokumentum] 
516 |a Final_paper 
695 |a Turizmus, magyar 
695 |a Turizmus, osztrák 
695 |a Esterházy család, történet 
695 |a Esterházy kastély, Fertőd 
695 |a Esterházy kastély, Kismarton 
695 |a Kastélyfejlesztés, terv 
700 1 |a Schultz Éva  |e ths 
856 4 0 |u http://dolgozattar.uni-bge.hu/59383/1/Solecki-Anna-Filomena.pdf  |z Dokumentum-elérés